<?xml version="1.0" encoding="UTF-8"?>
<record
    xmlns:xsi="http://www.w3.org/2001/XMLSchema-instance"
    xsi:schemaLocation="http://www.loc.gov/MARC21/slim http://www.loc.gov/standards/marcxml/schema/MARC21slim.xsd"
    xmlns="http://www.loc.gov/MARC21/slim">

  <leader>00290nam a22001097a 4500</leader>
  <datafield tag="040" ind1=" " ind2=" ">
    <subfield code="c">SK</subfield>
  </datafield>
  <datafield tag="082" ind1=" " ind2=" ">
    <subfield code="a">323</subfield>
  </datafield>
  <datafield tag="100" ind1=" " ind2=" ">
    <subfield code="a">&#x179C;&#x1784;&#x17D2;&#x179F;&#x200B; &#x17A2;&#x17C2;&#x1798;&#x179F;&#x17C6;&#x17A2;&#x17B6;&#x1793;</subfield>
  </datafield>
  <datafield tag="245" ind1=" " ind2=" ">
    <subfield code="a">&#x179F;&#x1784;&#x17D2;&#x1782;&#x1798;&#x179C;&#x17B7;&#x1791;&#x17D2;&#x1799;&#x17B6;&#x1798;&#x17BC;&#x179B;&#x178A;&#x17D2;&#x178B;&#x17B6;&#x1793;</subfield>
  </datafield>
  <datafield tag="260" ind1=" " ind2=" ">
    <subfield code="a">Phnom Penh</subfield>
    <subfield code="b">&#x179C;&#x1784;&#x17D2;&#x179F; </subfield>
    <subfield code="c">2005</subfield>
  </datafield>
  <datafield tag="942" ind1=" " ind2=" ">
    <subfield code="c">KB</subfield>
  </datafield>
  <datafield tag="999" ind1=" " ind2=" ">
    <subfield code="c">8410</subfield>
    <subfield code="d">8410</subfield>
  </datafield>
  <datafield tag="952" ind1=" " ind2=" ">
    <subfield code="0">0</subfield>
    <subfield code="1">0</subfield>
    <subfield code="4">0</subfield>
    <subfield code="6">323_000000000000000_&#x179C;&#x1784;&#x179F;_2005_C199</subfield>
    <subfield code="7">0</subfield>
    <subfield code="9">48171</subfield>
    <subfield code="a">LBC</subfield>
    <subfield code="b">LBC</subfield>
    <subfield code="c">C199</subfield>
    <subfield code="d">2016-07-26</subfield>
    <subfield code="o"> 323 &#x179C;&#x1784;&#x17D2;&#x179F; 2005 C199</subfield>
    <subfield code="p">RUA035641</subfield>
    <subfield code="r">2016-07-26</subfield>
    <subfield code="y">KB</subfield>
  </datafield>
  <datafield tag="952" ind1=" " ind2=" ">
    <subfield code="0">0</subfield>
    <subfield code="1">0</subfield>
    <subfield code="4">0</subfield>
    <subfield code="6">323_000000000000000_&#x179C;&#x1784;&#x179F;_2005_C199</subfield>
    <subfield code="7">0</subfield>
    <subfield code="9">48172</subfield>
    <subfield code="a">LBC</subfield>
    <subfield code="b">LBC</subfield>
    <subfield code="c">C199</subfield>
    <subfield code="d">2016-07-26</subfield>
    <subfield code="o">323 &#x179C;&#x1784;&#x17D2;&#x179F; 2005 C199</subfield>
    <subfield code="p">RUA035529</subfield>
    <subfield code="r">2016-07-26</subfield>
    <subfield code="y">KB</subfield>
  </datafield>
  <datafield tag="952" ind1=" " ind2=" ">
    <subfield code="0">0</subfield>
    <subfield code="1">0</subfield>
    <subfield code="4">0</subfield>
    <subfield code="6">323_000000000000000_&#x179C;&#x1784;&#x179F;_2005_C199</subfield>
    <subfield code="7">0</subfield>
    <subfield code="9">48173</subfield>
    <subfield code="a">LBC</subfield>
    <subfield code="b">LBC</subfield>
    <subfield code="c">C199</subfield>
    <subfield code="d">2016-07-26</subfield>
    <subfield code="o"> 323 &#x179C;&#x1784;&#x17D2;&#x179F; 2005 C199</subfield>
    <subfield code="p">RUA035437</subfield>
    <subfield code="r">2016-07-26</subfield>
    <subfield code="y">KB</subfield>
  </datafield>
  <datafield tag="952" ind1=" " ind2=" ">
    <subfield code="0">0</subfield>
    <subfield code="1">0</subfield>
    <subfield code="4">0</subfield>
    <subfield code="6">323_000000000000000_&#x179C;&#x1784;&#x179F;_2005_C199</subfield>
    <subfield code="7">0</subfield>
    <subfield code="9">48174</subfield>
    <subfield code="a">LBC</subfield>
    <subfield code="b">LBC</subfield>
    <subfield code="c">C199</subfield>
    <subfield code="d">2016-07-26</subfield>
    <subfield code="o">323 &#x179C;&#x1784;&#x17D2;&#x179F; 2005 C199</subfield>
    <subfield code="p">RUA035679</subfield>
    <subfield code="r">2016-07-26</subfield>
    <subfield code="y">KB</subfield>
  </datafield>
  <datafield tag="952" ind1=" " ind2=" ">
    <subfield code="0">0</subfield>
    <subfield code="1">0</subfield>
    <subfield code="4">0</subfield>
    <subfield code="6">323_000000000000000_&#x179C;&#x1784;&#x179F;_2005_C199</subfield>
    <subfield code="7">0</subfield>
    <subfield code="9">48175</subfield>
    <subfield code="a">LBC</subfield>
    <subfield code="b">LBC</subfield>
    <subfield code="c">C199</subfield>
    <subfield code="d">2016-07-26</subfield>
    <subfield code="o">323 &#x179C;&#x1784;&#x17D2;&#x179F; 2005 C199</subfield>
    <subfield code="p">RUA035424</subfield>
    <subfield code="r">2016-07-26</subfield>
    <subfield code="y">KB</subfield>
  </datafield>
  <datafield tag="952" ind1=" " ind2=" ">
    <subfield code="0">0</subfield>
    <subfield code="1">0</subfield>
    <subfield code="4">0</subfield>
    <subfield code="6">323_000000000000000_&#x179C;&#x1784;&#x179F;_2005_C199</subfield>
    <subfield code="7">0</subfield>
    <subfield code="9">48176</subfield>
    <subfield code="a">LBC</subfield>
    <subfield code="b">LBC</subfield>
    <subfield code="c">C199</subfield>
    <subfield code="d">2016-07-26</subfield>
    <subfield code="o">323 &#x179C;&#x1784;&#x17D2;&#x179F; 2005 C199</subfield>
    <subfield code="p">RUA035501</subfield>
    <subfield code="r">2016-07-26</subfield>
    <subfield code="y">KB</subfield>
  </datafield>
  <datafield tag="952" ind1=" " ind2=" ">
    <subfield code="0">0</subfield>
    <subfield code="1">0</subfield>
    <subfield code="4">0</subfield>
    <subfield code="6">323_000000000000000_&#x179C;&#x1784;&#x179F;_2005_C199</subfield>
    <subfield code="7">0</subfield>
    <subfield code="9">48177</subfield>
    <subfield code="a">LBC</subfield>
    <subfield code="b">LBC</subfield>
    <subfield code="c">C199</subfield>
    <subfield code="d">2016-07-26</subfield>
    <subfield code="o">323 &#x179C;&#x1784;&#x17D2;&#x179F; 2005 C199</subfield>
    <subfield code="p">RUA035646</subfield>
    <subfield code="r">2016-07-26</subfield>
    <subfield code="y">KB</subfield>
  </datafield>
  <datafield tag="952" ind1=" " ind2=" ">
    <subfield code="0">0</subfield>
    <subfield code="1">0</subfield>
    <subfield code="4">0</subfield>
    <subfield code="6">323_000000000000000_&#x179C;&#x1784;&#x179F;_2005_C199</subfield>
    <subfield code="7">0</subfield>
    <subfield code="9">48178</subfield>
    <subfield code="a">LBC</subfield>
    <subfield code="b">LBC</subfield>
    <subfield code="c">C199</subfield>
    <subfield code="d">2016-07-26</subfield>
    <subfield code="o">323 &#x179C;&#x1784;&#x17D2;&#x179F; 2005 C199</subfield>
    <subfield code="p">RUA035561</subfield>
    <subfield code="r">2016-07-26</subfield>
    <subfield code="y">KB</subfield>
  </datafield>
  <datafield tag="952" ind1=" " ind2=" ">
    <subfield code="0">0</subfield>
    <subfield code="1">0</subfield>
    <subfield code="4">0</subfield>
    <subfield code="6">323_000000000000000_&#x179C;&#x1784;&#x179F;_2005_C199</subfield>
    <subfield code="7">0</subfield>
    <subfield code="9">48179</subfield>
    <subfield code="a">LBC</subfield>
    <subfield code="b">LBC</subfield>
    <subfield code="c">C199</subfield>
    <subfield code="d">2016-07-26</subfield>
    <subfield code="o">323 &#x179C;&#x1784;&#x17D2;&#x179F; 2005 C199</subfield>
    <subfield code="p">RUA035586</subfield>
    <subfield code="r">2016-07-26</subfield>
    <subfield code="y">KB</subfield>
  </datafield>
  <datafield tag="952" ind1=" " ind2=" ">
    <subfield code="0">0</subfield>
    <subfield code="1">0</subfield>
    <subfield code="4">0</subfield>
    <subfield code="6">323_000000000000000_&#x179C;&#x1784;&#x179F;_2005_C199</subfield>
    <subfield code="7">0</subfield>
    <subfield code="9">48180</subfield>
    <subfield code="a">LBC</subfield>
    <subfield code="b">LBC</subfield>
    <subfield code="c">C199</subfield>
    <subfield code="d">2016-07-26</subfield>
    <subfield code="o">323 &#x179C;&#x1784;&#x17D2;&#x179F; 2005 C199</subfield>
    <subfield code="p">RUA035611</subfield>
    <subfield code="r">2016-07-26</subfield>
    <subfield code="y">KB</subfield>
  </datafield>
</record>
